00719nam a2200217 i 450000100060000000300090000600500170001500700030003200800410003502000180007608000230009410000220011724500810013926000990022030000300031949000260034960000210037571000460039683000260044285200330046816683ES-MaACL20230906151355.0t|001025s1999 ve ||||1| spa d a980-303-486-3 a75 Requena, José1 aAranguren, Willy.10aJosé Requena, una mirada aprehensiva de la naturaleza / cWilly Aranguren. aBarquisimeto : bAteneo Ciudad de Barquisimeto : bAlcaldía del Municipio Iribarren, c1999. a182 p. : bil. ; c21 cm.1 aColección La Guaroa14aRequena, José.2 aAteneo Ciudad de Barquisimeto (Venezuela)0 aColección La Guaroa aES-MaACLjL-23810 bR.129141